01459nam a2200385Ia 4500001001200000003000800012006001900020007001500039008004100054010001700095020002800112020003500140020001800175020001800193040002100211035002100232050002400253082001700277100003200294245006400326250004600390260006000436300002800496490003700524504006400561533015200625650003100777650002200808650003300830650002100863655002900884710001700913856012600930999001701056ebr10715401CaPaEBRm o u cr cn|||||||||891113s1990 miua sb 001 0 eng d z 89070488  z0814322212 (alk. paper) z0814322719 (pbk. : alk. paper) z9780814322710 z9780814338216 aCaPaEBRcCaPaEBR a(OCoLC)62451205014aBS1183b.P38 1990eb04a296.3/112231 aPatai, Raphael,d1910-1996.14aThe Hebrew goddessh[electronic resource] /cRaphael Patai. a3rd enl. ed. /bforeword by Merlin Stone. aDetroit, Mich. :bWayne State University Press,cc1990. a368 p., [32] p. :bill.0 aJewish folklore and anthropology aIncludes bibliographical references (p. 339-349) and index. aElectronic reproduction.bPalo Alto, Calif. :cebrary,d2013.nAvailable via World Wide Web.nAccess may be limited to ebrary affiliated libraries. 0aMyth in the Old Testament. 0aJewish mythology. 0aMother goddessesyPalestine. 0aCabalaxHistory. 7aElectronic books.2local2 aebrary, Inc.40uhttp://site.ebrary.com/lib/rucke/Doc?id=10715401zAn electronic book accessible through the World Wide Web; click to view c27065d27065